Quel est ce personnage historique ? - Statistiques

Statistiques générales
  • Ce quiz a été pris 78 fois
  • Le résultat moyen est 3 sur 12
Statistiques - réponses
Par images Réponse % Correct
Élisabeth II
90%
Georges Brassens
56%
Ronald Reagan
54%
Périclès
36%
Charles Quint
23%
Jules Verne
20%
Charles X
17%
Coco Chanel
17%
François-René de Châteaubriand
11%
Emmanuel Kant
10%
George II
6%
Philip d'Édimbourg
3%
Aucun quiz correspondant
Distribution des résultats
% des personnes avec chaque résultat
Percentile par nombre de réponses
Votre historique - résultats
Vous n’avez pas pris ce quiz